Sociedad: dos décadas en El Salvador
Uloženo v:
| Médium: | Text |
|---|---|
| Témata: | |
| Tagy: |
Přidat tag
Žádné tagy, Buďte první, kdo vytvoří štítek k tomuto záznamu!
|
MARC
| LEADER | 00000 a a2200000 04500 | ||
|---|---|---|---|
| 001 | 6469 | ||
| 003 | |||
| 040 | |||
| 245 | |a Sociedad: |b dos décadas en El Salvador | ||
| 650 | |a SOCIEDAD | ||
| 650 | |a PROBLEMAS SOCIALES | ||
| 773 | |g volumen 22, número 1000; páginas 10-11 | ||
| 999 | |c 24943 |d 24943 | ||
